Programming in Visual Basic. Net / (Record no. 60469)

MARC details
000 -LEADER
fixed length control field 00775nam a22002297a 4500
005 - DATE AND TIME OF LATEST TRANSACTION
control field 20130328155006.0
010 ## - LCCN (DPL NO)
LC control number ENG-104637
020 ## - INTERNATIONAL STANDARD BOOK NUMBER
International Standard Book Number 9789380408552
Terms of availability 475.00
035 ## - SYSTEM CONTROL NUMBER
System control number EN-88170
035 ## - SYSTEM CONTROL NUMBER
System control number B-491643-654
037 ## - SOURCE OF ACQUISITION
Source of stock number/acquisition DBAD/PUB
037 ## - SOURCE OF ACQUISITION
Source of stock number/acquisition Prakashan Sansthan/Ven
082 ## - DEWEY DECIMAL CLASSIFICATION NUMBER
Classification number 005.2768
100 ## - MAIN ENTRY--PERSONAL NAME
Personal name Subramanian, Raja
245 ## - TITLE STATEMENT
Title Programming in Visual Basic. Net /
Statement of responsibility, etc by Raja Subramanian
260 ## - PUBLICATION, DISTRIBUTION, ETC. (IMPRINT)
Place of publication, distribution, etc New Delhi
Name of publisher, distributor, etc Acme Learning
Date of publication, distribution, etc 2011
270 ## - ADDRESS
Address 2/8 Ansari Road Darya Ganj
City New Delhi
Postal code 110002
300 ## - PHYSICAL DESCRIPTION
Extent vi,830p. :
Dimensions 27cm(pbk)
Other physical details ill.
500 ## - GENERAL NOTE
General note Includes index
942 ## - ADDED ENTRY ELEMENTS (KOHA)
Source of classification or shelving scheme Dewey Decimal Classification
Item type English Books
Classification part 005.2768
Call number suffix SUB
Holdings
Withdrawn status Lost status Not for loan Collection code Home library Current library Date acquired Source of acquisition Cost, normal purchase price Full call number Barcode Copy number Cost, replacement price Koha item type
      Non-fiction Andrews Gunj Andrews Gunj 28/03/2013 Prakashan Sansthan/411/11.01.2013/126/18.12.2012/18.01.2013 475.00 005.2768 SUB B-491650 1 475.00 English Books
      Non-fiction Central Library Central Library 28/03/2013 Prakashan Sansthan/411/11.01.2013/126/18.12.2012/18.01.2013 475.00 005.2768 SUB B-491643 1 475.00 English Books
    Not For Loan Non-fiction D.B.Act.Division D.B.Act.Division 06/01/2012 DBAD/PUB 475.00 005.2768 SUB EN-88170 1 475.00 English Books
      Non-fiction Janak Puri Janak Puri 28/03/2013 Prakashan Sansthan/411/11.01.2013/126/18.12.2012/18.01.2013 475.00 005.2768 SUB B-491647 1 475.00 English Books
      Non-fiction Karol Bagh Karol Bagh 28/03/2013 Prakashan Sansthan/411/11.01.2013/126/18.12.2012/18.01.2013 475.00 005.2768 SUB B-491652 1 475.00 English Books
      Non-fiction Kasturba Gandhi Marg Kasturba Gandhi Marg 28/03/2013 Prakashan Sansthan/411/11.01.2013/126/18.12.2012/18.01.2013 475.00 005.2768 SUB B-491645 1 475.00 English Books
      Non-fiction Narela Narela 28/03/2013 Prakashan Sansthan/411/11.01.2013/126/18.12.2012/18.01.2013 475.00 005.2768 SUB B-491653 1 475.00 English Books
      Non-fiction Patel Nagar Patel Nagar 28/03/2013 Prakashan Sansthan/411/11.01.2013/126/18.12.2012/18.01.2013 475.00 005.2768 SUB B-491644 1 475.00 English Books
      Non-fiction Peshwa Road Peshwa Road 28/03/2013 Prakashan Sansthan/411/11.01.2013/126/18.12.2012/18.01.2013 475.00 005.2768 SUB B-491646 1 475.00 English Books
      Non-fiction R.K.Puram-8 R.K.Puram-8 28/03/2013 Prakashan Sansthan/411/11.01.2013/126/18.12.2012/18.01.2013 475.00 005.2768 SUB B-491649 1 475.00 English Books
      Non-fiction Sarojini Nagar Sarojini Nagar 28/03/2013 Prakashan Sansthan/411/11.01.2013/126/18.12.2012/18.01.2013 475.00 005.2768 SUB B-491648 1 475.00 English Books
      Non-fiction Shahdara Branch Shahdara Branch 28/03/2013 Prakashan Sansthan/411/11.01.2013/126/18.12.2012/18.01.2013 475.00 005.2768 SUB B-491654 1 475.00 English Books
      Non-fiction Vinoba Puri Vinoba Puri 28/03/2013 Prakashan Sansthan/411/11.01.2013/126/18.12.2012/18.01.2013 475.00 005.2768 SUB B-491651 1 475.00 English Books

© Delhi Public Library
Hit Counter
free hit counter